Bandas de Rock en Español #4 - Estadísticas

Estadísticas generales
  • Esta prueba ha sido intentada 31 veces
  • La puntuación promedio es 6 de 24
Estadísticas de respuestas
País Canciones Banda % Correcto
México "Frijolero", "Hit Me", "Gimme Tha Power" Molotov
72%
España "Vivir al este del edén", "Lobo-hombre en París", "Negrita" La Unión
64%
España "La Costa Del Silencio", "Fiesta Pagana", "Molinos De Viento" Mägo de Oz
64%
Uruguay "Lo malo de ser bueno", "Enamorado tuyo", "Ya No Sé Que Hacer Conmigo" El Cuarteto de Nos
44%
Argentina "La Guitarra", "Loco (Tú Forma De Ser)", "Un Osito de Peluche de Taiwán" Los Auténticos Decadentes
44%
Argentina "Arrancacorazones", "Beatle", "Hacelo por Mí" Attaque 77
32%
Argentina "Kilómetros", "Quereme Así", "Todos Locos" Los Caligaris
32%
Argentina "Perdiendo el Control", "Cuando Seas Grande", "Atado a un Sentimiento" Miguel Mateos - Zas
32%
México "Pervert Pop Song", "Nalguita", "Mr. P-Mosh" Plastilina Mosh
28%
México "Me Estoy Enamorando", "Amnesia", "Amargo Adiós" Inspector
20%
Chile "Hijos de la Tierra", "Todos Juntos", "Sube a nacer conmigo hermano" Los Jaivas
20%
Argentina "No Le Dijo Nada", "La Rubia del Avión", "Veintitrés" Los Ladrones Sueltos
20%
México "Te Lo Pido por Favor", "Fin", "Detrás de los Cerros" Jaguares
16%
Colombia "Lenguaje de Mi Piel", "Vestido De Cristal", "Frágil Al Viento" Kraken
16%
España "Espaldas mojadas", "Manuel Raquel", "Atrapados en la red" Tam Tam Go!
16%
Argentina "Me Gustas Mucho", "Aunque A Nadie Ya Le Importe", "Todo Sigue Igual" Viejas Locas
16%
Argentina "Genesis", "Ritmo y Blues con Armonica", "Presente" Vox Dei
16%
Colombia "La fuerza del amor", "Así Es El Amor", "El Pibe De Mi Barrio" Doctor Krápula
12%
Panamá "Señorita a Mi Me Gusta Su Style", "Bam Bam", "Perfidia" Los Rabanes
12%
Chile "Cuando Miro En Tus Ojos", "Limito Con el Sol", "Debilidad" Saiko
12%
Argentina "El Momento Perfecto", "La Declaración", "Superstar" El Zar
8%
Argentina "Ya Pasó", "Tu Geografía", "Perdiendo la Cabeza" Indios
8%
México "No Huyas De Mi", "Déjate Amar", "Me Quieres Cotorrear" Kenny y los Eléctricos
8%
Argentina "Madrugada", "Como Olvidarme", "Tan Sola" La Beriso
8%
No se encontraron pruebas coincidentes
Distribución de puntuación
Porcentaje de gente con cada puntuación
Porcentaje por número respondido
Historial de tus puntuaciones
No has intentado esta prueba.